Dessin animés en image - Statistiques

Statistiques générales
  • Ce quiz a été pris 240 fois
  • Le résultat moyen est 43 sur 66
Statistiques - réponses
Par images Réponse % Correct
titeuf
98%
tom et jerry
97%
bob l'eponge
96%
les totally spies
96%
yakari
95%
dora
94%
marsupilami
94%
oui oui
94%
pokemon
94%
trotro
94%
la panthere rose
92%
les daltons
91%
oggy et les cafard
91%
Scooby Doo
91%
tchoupi
91%
foot 2 rue
90%
garfield
90%
Tomtom et nana
90%
Franklin
89%
inspecteur gadget
89%
Les ratz
89%
les winx
89%
Miraculous
88%
charlotte aux fraises
87%
ben10
86%
Les teletubbies
85%
boule et bill
84%
power rangers
84%
la famille pirate
83%
Les bisounours
80%
cedric
78%
il était une fois
78%
Les super nanas
77%
les zinzins de l'espace
73%
titi et grosminet
73%
Les minijusticiers
71%
phineas et ferb
71%
corneil et bernie
70%
les barbapapas
70%
code lyoko
69%
Marcelino
63%
princesse sofia
61%
galactik football
55%
shuriken school
55%
zou
51%
lolirock
49%
robocar poli
49%
hamtaro
45%
martine
45%
docteur la peluche
43%
monster buster club
43%
pet shop
39%
bouba
38%
pucca
36%
toupou
35%
manny et ses outils
28%
linus et boom
24%
rosie
24%
les souvenir de gravity falls
21%
spie z
19%
Les octonauts
17%
jack et les pirates du pays imaginaire
12%
alien bazar
10%
les chugginton
5%
le petit scientifique
4%
Badou
3%
Aucun quiz correspondant
Distribution des résultats
% des personnes avec chaque résultat
Percentile par nombre de réponses
Votre historique - résultats
Vous n’avez pas pris ce quiz